CURRICULUM AND TEACHING (Record no. 17419)

MARC details
000 -LEADER
fixed length control field 00251nam a22001217a 4500
003 - CONTROL NUMBER IDENTIFIER
control field SGT
082 ## - DEWEY DECIMAL CLASSIFICATION NUMBER
Classification number 370
Item number JAI
100 ## - MAIN ENTRY--PERSONAL NAME
Personal name JAIN, POORNIMA
245 ## - TITLE STATEMENT
Title CURRICULUM AND TEACHING
260 ## - PUBLICATION, DISTRIBUTION, ETC. (IMPRINT)
Place of publication, distribution, etc DELHI
Name of publisher, distributor, etc KANISHKA
Year of Publication 2006
300 ## - PAGE DESCRIPTION
No. of Pages 157
942 ## - ADDED ENTRY ELEMENTS (KOHA)
Source of classification or shelving scheme Dewey Decimal Classification
Koha item type Books
Holdings
Withdrawn status Lost status Source of classification or shelving scheme Damaged status Not for loan Collection code Home library Current library Date acquired SGTU Full call number Accession No. (Barcode) Date last seen Bill Date Koha item type
    Dewey Decimal Classification     EDUCATION SGT Engineering Library SGT Engineering Library 11/04/2019 SGTU 370 JAI ED4117 11/04/2019 11/04/2019 Books
    Dewey Decimal Classification     EDUCATION SGT Engineering Library SGT Engineering Library 11/04/2019 SGTU 370 JAI ED4118 11/04/2019 11/04/2019 Books
    Dewey Decimal Classification     EDUCATION SGT Engineering Library SGT Engineering Library 11/04/2019 SGTU 370 JAI ED4119 11/04/2019 11/04/2019 Books